ბათუმის შოთა რუსთაველის სახელმწიფო უნივერსიტეტის ბიბლიოთეკა

ფერმერის სახელმძღვანელო / (ბიბ.ჩანაწერი № 46260)

000 -ლიდერი
ფიქსირებული სიგრძის საკონტროლო ველი 01156nam a2200253Ia 4500
001 - საკონტროლო ნომერი
საკონტროლო ველი 13094
003 - საკონტროლო ნომრის იდენტიფიკატორი
საკონტროლო ველი GE_BSU
005 - ბოლო ოპერაციის თარიღი და დრო
საკონტროლო ველი 20211026104636.0
008 - ფიქსირებული სიგრძის მონაცემთა ელემენტები - ზოგადი ინფორმაცია
ფიქსირებული სიგრძის საკონტროლო ველი 181216s2014||||ge |||||||||||||| ||geo||
020 ## - წიგნის საერთაშორისო სტანდარტული ნომერი
International Standard Book Number 9789941071294
040 ## - კატალოგიზაციის წყარო
Transcribing agency GE_BSU
041 ## - ენის კოდი
Language code of text/sound track or separate title geo
080 ## - უნივერსალური ათობითი კლასიფიკაციის ინდექსი
Universal Decimal Classification number 631.115.1(075.8) გ-94
100 ## - მთავარი ჩანაწერი - პიროვნების სახელი
Personal name გულბანი, ანა
9 (RLIN) 12741
245 ## - ცნობა სათაურის შესახებ
Title ფერმერის სახელმძღვანელო /
Statement of responsibility, etc ანა გულბანი, ზვიად ბობოქაშვილი, ვაჟა გოცირიძე ; UNDP, Swiss agency for development and cooperation SDC.
264 ## - წარმოების, გამოცემის, დისტრიბუციის და სხვა ცნობები
გამოცემის, წარმოების, დისტრიბუციის... ადგილი თბილისი,
გამოცემის, წარმოების, დისტრიბუციის... თარიღი 2014.
300 ## - ფიზიკური აღწერა
Extent 407 გვ.:
Other physical details ილ.,
Dimensions 30 სმ.
653 ## - INDEX TERM--UNCONTROLLED
Uncontrolled term მინდვრის და ბოსტნეული კულტურების მოვლა და მოყვანა
653 ## - INDEX TERM--UNCONTROLLED
Uncontrolled term მეხილეობა
653 ## - INDEX TERM--UNCONTROLLED
Uncontrolled term მევენახეობა
700 ## - ADDED ENTRY--PERSONAL NAME
Personal name ბობოქაშვილი, ზვიად
Relator term ავტორი
9 (RLIN) 12742
700 ## - ADDED ENTRY--PERSONAL NAME
Personal name გოცირიძე, ვაჟა
Relator term ავტორი
9 (RLIN) 12743
942 ## - ADDED ENTRY ELEMENTS (KOHA)
Koha item type წიგნი
Source of classification or shelving scheme
ეგზემპლარები
ჩამოწერის სტატუსი დაკარგული ეგზემპლარის სტატუსი კლასიფიკაციის წყარო ან თაროზე გაწყობის სქემა დაზიანების სტატუსი არ გაიცემა მუდმივი მდებარეობა (დაცვის ადგილი) ამჟამინდელი ადგილსამყოფელი თაროზე განთავსების ადგილი შეძენის თარიღი სრული შენახვის შიფრი შტრიხკოდი ბოლო ოპერაციის თარიღი ეგზემპლარის მიმდევრობითი ნომერი (კეტერი?) ფასის ძალაში შესვლის თარიღი ეგზემპლარის სახეობა
          აგრარული და მემბრანული ტექნოლოგიების ინსტიტუტის ბიბლიოთეკა აგრარული და მემბრანული ტექნოლოგიების ინსტიტუტის ბიბლიოთეკა წიგნსაცავი 2018-12-17 631.115.1(075.8) გ-94 27163 2018-12-17 27163 2018-12-17 წიგნი